Cat goes fishing fish - Statistics

General Stats
  • This quiz has been taken 112 times
  • The average score is 85 of 204
Answer Stats
Hint Answer % Correct
Small Cuddlefish
88%
Huge Shark
88%
Maw
85%
Bo
83%
Cave Shark
83%
Dragon
83%
Tiger Shark
80%
Kingfish
78%
Medium Mustardfish
78%
Bombat
73%
Bulbfish
73%
Large Cowfish
73%
Grumper
73%
Swordfish
73%
Moga
70%
Swooper
70%
Noctis
68%
Snobfish
68%
Yang
68%
Yin
68%
Abbysal
65%
Angle
63%
Magnalav
63%
Maskfish
63%
Roundfin
63%
Bombig
60%
Ghost
60%
Lumina
60%
Problematicus
60%
Queenfish
60%
Shaku
60%
Ancient Kingfish
58%
Brimble
58%
Mamo
58%
Stormy
58%
Underfin
58%
Anglerfish
55%
Dunkan
55%
Turgeon
55%
Secret Airy
53%
Gallina
53%
Nightfish
53%
Seraph
53%
Trick
53%
Bullfish
50%
Cavefish
50%
Dragonfish
50%
Elder Mustardfish
50%
Goldfish
50%
Puff
50%
Red Skitter
50%
Regina
50%
Skitter
50%
Tetra
50%
Torby
50%
Treat
50%
Chaw
48%
Hamahed
48%
Lav
48%
Old Cusper
48%
Phase
48%
Sodafish
48%
Tangfin
48%
Tim
48%
Catfin
45%
Crystalfish
45%
Fin
45%
Flash
45%
Great Cusper
45%
Nightfish Sire
45%
Noxius
45%
Ray
45%
Beakfish
43%
Bonefish
43%
Bulbeater
43%
Casper
43%
Chompy
43%
Elder Orwellian
43%
Felish
43%
Garump
43%
Leofish
43%
Lionfish
43%
Orwellian
43%
Baby Sizzer
40%
Blooper
40%
Carver
40%
Clownfish
40%
Conga
40%
Conpas
40%
Cuda
40%
Cuddlecanth
40%
Germ
40%
Lemonback
40%
Magmer
40%
Rodi
40%
Sassy
40%
Sizzer
40%
Skrimp
40%
Sourfish
40%
Spinefish
40%
Tart
40%
Trillow
40%
Bleaper
38%
Bramble
38%
Chook
38%
Coin
38%
Fumer
38%
Gawker
38%
Georgian
38%
Inno
38%
Lampis
38%
Luifin
38%
Maize
38%
Newk
38%
Pennyfin
38%
Powerfin
38%
Primal Turgeon
38%
Stankfin
38%
Yellow Carp
38%
Yellowjack
38%
Buffalofish
35%
Crayfin
35%
Dire Trillow
35%
Ember
35%
Geiger
35%
Glacier
35%
Jackfish
35%
Josie
35%
Rodilav
35%
Sibilfin
35%
Tappy
35%
Trumble
35%
Babyjaw
33%
Bagu
33%
Bitterfish
33%
Celad
33%
Forebearer
33%
Garder
33%
Gorbon
33%
Hue
33%
Mizifin
33%
Pink Kisser
33%
Rana
33%
Rare Fruit
33%
Santu
33%
Tik Tik
33%
Young Cusper
33%
Zub
33%
Bishop
30%
Cavin
30%
Centy
30%
Feen
30%
Lindfin
30%
Piercer
30%
Purdy
30%
Snoutfish
30%
Stalker
30%
Thistle
30%
Garm
28%
Ghast
28%
Goldbeard
28%
Great Carver
28%
Remi
28%
Spallow
28%
Spec
28%
Swoosher
28%
Thresher
28%
Volteen
28%
Yellowjaw
28%
Chrono
25%
Dijon
25%
Gnawer
25%
Gupper
25%
Lumos
25%
Minute
25%
Mossy
25%
Paladin
25%
Primitive
25%
Skiggle
25%
Smarty
25%
Swaller
25%
Thermo
25%
Twohead
25%
Akuma
23%
Boom Puff
23%
Caval
23%
Furrow
23%
Kernel
23%
Lamby
23%
Spotter
23%
Wombler
23%
Blissy
20%
Curby
20%
Elder Cheesefin
20%
Mudback
20%
Slimey
20%
Snuggler
20%
Blossip
18%
Blue Casper
18%
Flechette
18%
Sea Jeppy
18%
Swisher
18%
Lil Chessefin
15%
Rogachev
15%
No matching quizzes found
Score Distribution
Percent of People with Each Score
Percentile by Number Answered
Your Score History
You have not taken this quiz